| 000 | 00615nam a22001817a 4500 | ||
|---|---|---|---|
| 005 | 20251108164117.0 | ||
| 008 | 250721s1999 xx 000 0 ara d | ||
| 082 | 1 | 4 | _a519.5/باه |
| 100 | 1 | _aباهي، مصطفى | |
| 245 | 1 | 0 | _aالإحصاء التطبيقي في مجال البحوث التربوية و النفسية و الإجتماعية و الرياضية / |
| 264 | 1 |
_aالقاهرة : _bمركزالكتاب، _c1999. |
|
| 300 | _a263ص | ||
| 650 | 1 | 7 | _aالإحصاء الرياضي |
| 650 | 1 | 7 | _aالإحصاء الوصفي |
| 650 | 1 | 7 | _aالرياضيات |
| 942 |
_2ddc _cBK |
||
| 999 |
_c3878 _d3878 |
||